00559nam a2200181 a 4500001001300000003000900013005001700022008004100039020002500080082001800105100002100123245006800144260005700212300000900269500003500278505004300313700002100356nice12345678IN_TiNIC20260116014441.0050524s2004 nota grp 000 0 eng  a0268041075 c830.300a291.172bSEL5 aSeligman, Adam B aModest Claimsb Dialogues and Essays on Tolerance and Tradition aNotre Dame inbUniversity of Notre Dame Press c2004 a216p aincludes index and biblioraphy2 aGlossary, Selected Bibliography, Index1 aSeligman, Adam B